| Tag |
First Indicator |
Second Indicator |
Subfields |
| LEADER |
00000pam a2200000Ma 4500 |
| 001 |
in00001552016 |
| 005 |
20151022062402.0 |
| 008 |
980706s1998 enka j b 001 0 eng d |
| 015 |
|
|
|a GB 98-Z1338
|
| 020 |
|
|
|a 0750221615
|
| 035 |
|
|
|a (OCoLC)ocm43746676
|
| 040 |
|
|
|a EQO
|c EQO
|d TXA
|d UtOrBLW
|
| 049 |
|
|
|a TXAM
|
| 082 |
0 |
|
|a 534
|2 21
|
| 090 |
|
|
|a QC225.5
|b .M34 1998
|
| 100 |
1 |
|
|a Madgwick, Wendy,
|d 1946-
|
| 245 |
1 |
0 |
|a Super sound /
|c Wendy Madgwick.
|
| 264 |
|
1 |
|a Hove :
|b Wayland,
|c [1998]
|
| 264 |
|
4 |
|c ©1998
|
| 300 |
|
|
|a 32 pages :
|b color illustrations ;
|c 28 cm.
|
| 336 |
|
|
|a text
|b txt
|2 rdacontent
|
| 337 |
|
|
|a unmediated
|b n
|2 rdamedia
|
| 338 |
|
|
|a volume
|b nc
|2 rdacarrier
|
| 490 |
1 |
|
|a Science starters
|
| 504 |
|
|
|a Includes bibliographical references (page 31) and index.
|
| 650 |
|
0 |
|a Sound
|v Juvenile literature.
|
| 650 |
|
0 |
|a Sound
|x Study and teaching
|x Activity programs
|x Juvenile literature.
|
| 650 |
|
0 |
|a Sound
|x Experiments.
|
| 800 |
1 |
|
|a Madgwick, Wendy,
|d 1946-
|t Science starters.
|
| 948 |
|
|
|a cataloged
|b h
|c 2000/9/29
|d c
|e pkellar
|f 10:09:47 am
|
| 994 |
|
|
|a E0
|b TXA
|
| 999 |
|
|
|a MARS
|
| 999 |
f |
f |
|s bb168e81-56c8-353b-8d61-a2eb207cac81
|i f094983b-1079-3b78-a4a5-29a38093208d
|t 0
|
| 952 |
f |
f |
|p ric
|a Texas A&M University
|b Rellis Campus
|c Joint Library Facility
|d Remote Storage
|t 0
|e QC225.5 .M34 1999
|h Library of Congress classification
|i unmediated -- volume
|m A14826741493
|
| 998 |
f |
f |
|a QC225.5 .M34 1999
|t 0
|l Remote Storage
|